[Event "European Blitz Championship 2021"]
[Site "Katowice"]
[Date "2021.12.17"]
[Round "11.17"]
[White "Kacprzak, Kacper"]
[Black "Klekowski, Maciej"]
[Result "0-1"]
[WhiteElo "2245"]
[BlackElo "2499"]
[Annotator "ChessBase"]
[PlyCount "88"]
[EventDate "2021.12.17"]
[EventType "swiss"]
[EventCountry "POL"]
[SourceTitle "playchess.com"]
[Source "ChessBase"]
[SourceQuality "1"]

1. d4 Nf6 2. c4 e6 3. Nf3 b6 4. a3 Bb7 5. Nc3 d5 6. cxd5 exd5 7. g3 Bd6 8. Bg2
O-O 9. O-O a6 10. Bf4 Bxf4 11. gxf4 Nc6 12. e3 Ne7 13. Qc2 Bc8 14. Ne5 Bf5 15.
Qe2 Ne4 16. Rac1 Nxc3 17. Rxc3 f6 18. Nc6 Nxc6 19. Rxc6 Rf7 20. Rfc1 Kh8 21.
Qh5 g6 22. Qd1 Kg7 23. Qb3 Be4 24. Bxe4 dxe4 25. Re6 f5 26. d5 Qh4 27. Qd1 Rd8
28. Rec6 Rdd7 29. Kg2 Qd8 30. Qc2 Kh6 31. b4 Rxd5 32. Rxc7 Rxc7 33. Qxc7 Qh4
34. Qc4 Rd2 35. Rf1 b5 36. Qf7 Qd8 37. Qe6 Qd3 38. Qxa6 Qxe3 39. Qf6 Qxf4 40.
Qf8+ Kh5 41. h3 e3 42. Qa8 Rxf2+ 43. Rxf2 Qxf2+ 44. Kh1 e2 0-1

[Event "European Blitz Championship 2021"]
[Site "Katowice"]
[Date "2021.12.17"]
[Round "11.18"]
[White "Kyc, Jerzy"]
[Black "Dzierzak, Radoslaw"]
[Result "0-1"]
[WhiteElo "2250"]
[BlackElo "2264"]
[Annotator "NA"]
[PlyCount "78"]
[EventDate "2021.12.17"]
[EventType "swiss"]
[EventCountry "POL"]
[SourceTitle "playchess.com"]
[Source "ChessBase"]
[SourceQuality "1"]

1. e4 c5 2. Nf3 Nc6 3. d4 cxd4 4. Nxd4 e6 5. Nb5 d6 6. c4 Nf6 7. N1c3 a6 8. Nd4
Bd7 9. Be3 Rc8 10. Nxc6 Bxc6 11. Bd3 d5 12. exd5 exd5 13. Bf5 Rc7 14. O-O Bd7
15. Bxd7+ Rxd7 16. Re1 Be7 17. Bc5 dxc4 18. Qe2 Qc7 19. Ba3 O-O 20. Bxe7 Re8
21. Qf3 Rdxe7 22. Rxe7 Qxe7 23. h3 b5 24. Rd1 h6 25. b3 b4 26. Na4 c3 27. a3 c2
28. Rf1 bxa3 29. Qc3 Qe2 30. b4 a2 31. Ra1 Rd8 32. Kh2 Qxf2 33. Qc7 Rd7 34.
Qc8+ Kh7 35. Qc4 Rd4 36. Qc6 Qf4+ 37. g3 Qf2+ 38. Qg2 Qxg2+ 39. Kxg2 Rd1 0-1

[Event "European Blitz Championship 2021"]
[Site "Katowice"]
[Date "2021.12.17"]
[Round "11.18"]
[White "Kolasa, Pjotrs"]
[Black "Piesik, Piotr"]
[Result "0-1"]
[WhiteElo "2020"]
[BlackElo "2336"]
[Annotator "NA"]
[PlyCount "94"]
[EventDate "2021.12.17"]
[EventType "swiss"]
[EventCountry "POL"]
[SourceTitle "playchess.com"]
[Source "ChessBase"]
[SourceQuality "1"]

1. Nf3 g6 2. c4 Bg7 3. Nc3 d6 4. d4 Nd7 5. e4 e5 6. d5 Ngf6 7. h3 Nc5 8. Qc2 a5
9. g4 c6 10. Be3 cxd5 11. cxd5 Na6 12. a3 O-O 13. Nd2 Nd7 14. Nc4 Ndc5 15. Nb5
f5 16. gxf5 gxf5 17. Ncxd6 Nxe4 18. Nxe4 fxe4 19. O-O-O Bf5 20. Kb1 Rc8 21. Qd2
Nc5 22. Rg1 Bg6 23. d6 Nd3 24. Rxg6 hxg6 25. Bxd3 exd3 26. Qxd3 Qf6 27. d7 Rcd8
28. Qd5+ Kh7 29. Rd2 Rf7 30. Qxb7 Rfxd7 31. Rxd7 Qf5+ 32. Ka2 Rxd7 33. Qc6 e4
34. Nc3 Rd3 35. Qxe4 Bxc3 36. Qxf5 gxf5 37. bxc3 Rxc3 38. Kb2 Rd3 39. Bc5 a4
40. Kc2 Rxh3 41. Be3 Kg6 42. Kb2 Kf6 43. Kc2 Ke5 44. Kd2 Kd5 45. Kc2 Kc4 46.
Kb2 Rf3 47. Kc2 f4 0-1

[Event "European Blitz Championship 2021"]
[Site "Katowice"]
[Date "2021.12.17"]
[Round "11.19"]
[White "Bauer, Thomas"]
[Black "Teclaf, Pawel"]
[Result "0-1"]
[WhiteElo "2204"]
[BlackElo "2543"]
[Annotator "ChessBase"]
[PlyCount "72"]
[EventDate "2021.12.17"]
[EventType "swiss"]
[EventCountry "POL"]
[SourceTitle "playchess.com"]
[Source "ChessBase"]
[SourceQuality "1"]

1. e4 c5 2. Nf3 e6 3. g3 Nc6 4. Bg2 Nf6 5. Nc3 d6 6. d4 cxd4 7. Nxd4 Bd7 8.
Ndb5 Qb8 9. a4 a6 10. Na3 Qc7 11. Nc4 Nb4 12. Ne3 Be7 13. O-O O-O 14. Bd2 Rac8
15. Be1 Rfd8 16. Qd4 Nc6 17. Qd2 Nb4 18. Qd4 a5 19. Nb5 Bxb5 20. axb5 d5 21.
exd5 Bc5 22. Qh4 Bxe3 23. fxe3 Nbxd5 24. Bxa5 b6 25. e4 bxa5 26. exd5 Nxd5 27.
Kh1 Qxc2 28. Be4 Qc4 29. Bxh7+ Kf8 30. Be4 Nf6 31. Rxf6 gxf6 32. Re1 Qd4 33.
Qh6+ Ke7 34. b6 Qxb6 35. Rf1 Qxb2 36. Qh7 Rh8 0-1

[Event "European Blitz Championship 2021"]
[Site "Katowice"]
[Date "2021.12.17"]
[Round "11.19"]
[White "Jaskolka, Tomasz"]
[Black "Snihur, Piotr"]
[Result "1-0"]
[WhiteElo "2193"]
[BlackElo "2237"]
[Annotator "NA"]
[PlyCount "129"]
[EventDate "2021.12.17"]
[EventType "swiss"]
[EventCountry "POL"]
[SourceTitle "playchess.com"]
[Source "ChessBase"]
[SourceQuality "1"]

1. d4 Nf6 2. Bf4 d5 3. e3 c5 4. c3 Qb6 5. Qb3 e6 6. Nd2 Be7 7. Ngf3 O-O 8. Be2
Nc6 9. O-O Bd7 10. h3 Rfc8 11. Ne5 Nxe5 12. Bxe5 Be8 13. Bh2 Qc6 14. f4 Bd6 15.
Qd1 b5 16. Rc1 Qb6 17. Qe1 b4 18. Qh4 Rab8 19. g4 bxc3 20. bxc3 Qb2 21. Rfd1
cxd4 22. g5 Ne4 23. Nxe4 dxe4 24. Qf2 d3 25. Bg4 Qxf2+ 26. Kxf2 Rb2+ 27. Kg3
Rxa2 28. h4 Bc5 29. Bg1 Ba4 30. Rf1 d2 31. Rb1 Rc2 32. f5 Bd6+ 33. Kh3 R8xc3
34. fxe6 Rc7 35. Rb8+ Rc8 36. Rxc8+ Rxc8 37. exf7+ Kf8 38. Bxc8 d1=Q 39. Rxd1
Bxd1 40. Be6 Bh5 41. Bd5 Bxf7 42. Bxe4 Be6+ 43. Kg2 g6 44. Bc2 a5 45. Ba4 Ke7
46. e4 Bg4 47. Bb6 Bb4 48. Kf2 Ke6 49. Ke3 Kd6 50. Bd4 Bd7 51. Bb3 a4 52. Bg8
Be6 53. Bxh7 a3 54. Bxg6 Bc5 55. e5+ Kc6 56. Be4+ Kb5 57. Bb1 a2 58. Bxa2 Bxa2
59. Bxc5 Kxc5 60. Kf4 Bb1 61. h5 Kd5 62. g6 Ke6 63. Kg5 Kxe5 64. h6 Ke6 65. h7
1-0

[Event "European Blitz Championship 2021"]
[Site "Katowice"]
[Date "2021.12.17"]
[Round "11.20"]
[White "Mis, Mieszko"]
[Black "Goraj, Barbara"]
[Result "1-0"]
[WhiteElo "2200"]
[BlackElo "1902"]
[Annotator "NA"]
[PlyCount "95"]
[EventDate "2021.12.17"]
[EventType "swiss"]
[EventCountry "POL"]
[SourceTitle "playchess.com"]
[Source "ChessBase"]
[SourceQuality "1"]

1. d4 Nf6 2. c4 e6 3. Nc3 d5 4. cxd5 Nxd5 5. Nf3 Nxc3 6. bxc3 c5 7. e3 cxd4 8.
cxd4 Bb4+ 9. Bd2 Bxd2+ 10. Qxd2 O-O 11. Bd3 Nd7 12. O-O b6 13. Be4 Rb8 14. Rfc1
Bb7 15. Bxb7 Rxb7 16. Qc2 h6 17. Qc6 Rb8 18. Qc7 a6 19. a4 b5 20. a5 b4 21. Qd6
b3 22. Rcb1 Nf6 23. Qxa6 Qd5 24. Qe2 Ne4 25. Rb2 Nc3 26. Qd3 Rfc8 27. h3 Ne4
28. a6 Rc3 29. a7 Ra8 30. Qa6 Rc2 31. Rxc2 bxc2 32. Rc1 Qb3 33. Qc6 Qd5 34.
Rxc2 Qxc6 35. Rxc6 Rxa7 36. Rc2 Ra1+ 37. Kh2 Rf1 38. Ne5 Rxf2 39. Rc7 Rf6 40.
Ng4 Rf1 41. Ne5 g6 42. g3 Ng5 43. Kg2 Re1 44. h4 Ne4 45. Nxf7 Rxe3 46. Nxh6+
Kf8 47. Ng4 Nd6 48. Nxe3 1-0

[Event "European Blitz Championship 2021"]
[Site "Katowice"]
[Date "2021.12.17"]
[Round "11.20"]
[White "Kukula, Pawel"]
[Black "Danielyan, Vahe"]
[Result "0-1"]
[WhiteElo "2191"]
[BlackElo "2332"]
[Annotator "NA"]
[PlyCount "74"]
[EventDate "2021.12.17"]
[EventType "swiss"]
[EventCountry "POL"]
[SourceTitle "playchess.com"]
[Source "ChessBase"]
[SourceQuality "1"]

1. d4 Nf6 2. c4 e6 3. Nc3 Bb4 4. Nf3 O-O 5. Bg5 c5 6. a3 Bxc3+ 7. bxc3 d6 8. e3
Nc6 9. Bd3 e5 10. d5 Na5 11. e4 h6 12. Bh4 b6 13. O-O Ba6 14. Nd2 g5 15. Bg3
Qd7 16. a4 Kg7 17. h4 Rh8 18. Qe2 Rag8 19. Nf3 Kf8 20. Nxe5 dxe5 21. Bxe5 Qe7
22. f4 gxh4 23. Rf3 Rg4 24. Bxf6 Qxf6 25. e5 Qg7 26. f5 Rg8 27. Rf2 h3 28. Ra2
Rxg2+ 29. Rxg2 Qxg2+ 30. Qxg2 Rxg2+ 31. Rxg2 hxg2 32. d6 Bxc4 33. Be4 Ke8 34.
Kxg2 Kd7 35. Kg3 f6 36. exf6 Kxd6 37. Kf4 Bf7 0-1

[Event "European Blitz Championship 2021"]
[Site "Katowice"]
[Date "2021.12.17"]
[Round "11.21"]
[White "Sokolowski, Jacek"]
[Black "Nasuta, Grzegorz"]
[Result "0-1"]
[WhiteElo "2043"]
[BlackElo "2377"]
[Annotator "NA"]
[PlyCount "134"]
[EventDate "2021.12.17"]
[EventType "swiss"]
[EventCountry "POL"]
[SourceTitle "playchess.com"]
[Source "ChessBase"]
[SourceQuality "1"]

1. e4 c5 2. c3 Nf6 3. e5 Nd5 4. d4 cxd4 5. Nf3 e6 6. cxd4 d6 7. exd6 Bxd6 8.
Nc3 Nxc3 9. bxc3 Qc7 10. Bd2 Nd7 11. Bd3 b6 12. Ng5 Nf6 13. h3 Bb7 14. O-O h6
15. Nf3 O-O 16. Re1 Bf4 17. Ne5 Bxd2 18. Qxd2 Rac8 19. Rac1 Nd7 20. Nxd7 Qxd7
21. Re3 Qe7 22. Bb1 Rfd8 23. Rg3 Qf6 24. Qd3 g6 25. h4 Qxh4 26. Qe3 Kg7 27. Re1
Qf6 28. a4 Rc7 29. Rh3 Qg5 30. Qe5+ Qxe5 31. Rxe5 Rdc8 32. Ree3 Rc4 33. Bc2 Bd5
34. Bb3 R4c7 35. Bxd5 exd5 36. Rhf3 h5 37. Re5 Rxc3 38. Rf4 R8c7 39. Rxd5 Ra3
40. a5 Rxa5 41. Rxa5 bxa5 42. d5 Rc1+ 43. Kh2 Rd1 44. Re4 Rxd5 45. Re7 Kf6 46.
Rxa7 Ke6 47. Ra6+ Ke5 48. Kg3 Kd4 49. Ra7 Rf5 50. f4 Kc4 51. Rc7+ Kb3 52. Rb7+
Ka3 53. Rb8 a4 54. Rb7 Ka2 55. Ra7 a3 56. Ra6 Kb2 57. Rb6+ Ka1 58. Kf3 a2 59.
g4 hxg4+ 60. Kxg4 Rc5 61. Rb7 Rc2 62. Re7 Kb1 63. Rxf7 a1=Q 64. Rb7+ Kc1 65.
Kg5 Rg2+ 66. Kh6 Qh8+ 67. Rh7 Qxh7+ 0-1

[Event "European Blitz Championship 2021"]
[Site "Katowice"]
[Date "2021.12.17"]
[Round "11.21"]
[White "Paczka, Patryk"]
[Black "Paszewski, Mateusz"]
[Result "0-1"]
[WhiteElo "1909"]
[BlackElo "2177"]
[Annotator "NA"]
[PlyCount "70"]
[EventDate "2021.12.17"]
[EventType "swiss"]
[EventCountry "POL"]
[SourceTitle "playchess.com"]
[Source "ChessBase"]
[SourceQuality "1"]

1. e4 c6 2. d4 d5 3. exd5 cxd5 4. Bd3 Nc6 5. c3 g6 6. Bf4 Bf5 7. Nf3 Nf6 8. O-O
Bxd3 9. Qxd3 Bg7 10. Nbd2 O-O 11. Rfe1 Nh5 12. Bg5 Qc7 13. Qe3 Rfe8 14. Bh6 Nf6
15. Bxg7 Kxg7 16. Ne5 Rab8 17. Ndf3 Ne4 18. Qf4 Nxe5 19. Nxe5 f6 20. Nd3 e5 21.
dxe5 fxe5 22. Qh4 Re6 23. Kh1 Rf8 24. f3 Nf6 25. Qg3 Rfe8 26. Rad1 a5 27. Rd2
Nh5 28. Qf2 e4 29. Qd4+ Kh6 30. fxe4 dxe4 31. Nc5 Re5 32. Nxe4 Qe7 33. Rde2 Nf6
34. Nxf6 Rxe2 35. Qh4+ Kg7 0-1

[Event "European Blitz Championship 2021"]
[Site "Katowice"]
[Date "2021.12.17"]
[Round "11.22"]
[White "Sliwicka, Alicja"]
[Black "Koubova, Anna Marie"]
[Result "0-1"]
[WhiteElo "2155"]
[BlackElo "2130"]
[Annotator "NA"]
[PlyCount "96"]
[EventDate "2021.12.17"]
[EventType "swiss"]
[EventCountry "POL"]
[SourceTitle "playchess.com"]
[Source "ChessBase"]
[SourceQuality "1"]

1. e4 e6 2. d4 d5 3. e5 c5 4. c3 Nc6 5. Nf3 Bd7 6. Bd3 Rc8 7. a3 cxd4 8. O-O
dxc3 9. Nxc3 Nge7 10. Nb5 Ng6 11. Re1 a6 12. Nc3 Be7 13. g3 Qc7 14. Qe2 O-O 15.
h4 f6 16. exf6 Bxf6 17. Ng5 Bd4 18. Be3 Bxe3 19. Qxe3 d4 20. Qe2 dxc3 21. Qh5
h6 22. Qxg6 hxg5 23. Qh7+ Kf7 24. Qh5+ Ke7 25. Qxg5+ Rf6 26. Qxg7+ Rf7 27. Qg5+
Rf6 28. bxc3 Rcf8 29. Re2 Nd8 30. c4 Nf7 31. Qe3 Nd6 32. Rae1 Nf5 33. Qg5 Ke8
34. Qh5+ Ke7 35. Qg5 Ke8 36. h5 R8f7 37. Qg8+ Ke7 38. Qg4 Rg7 39. Qh3 Nxg3 40.
Re3 Nf5+ 41. Kh1 Nxe3 42. fxe3 Rg3 43. Qh2 Rff3 44. Bf1 Qe5 45. Qh4+ Qf6 46.
Qh2 Rxf1+ 47. Qg1 Rgxg1+ 48. Kh2 Qh4# 0-1

[Event "European Blitz Championship 2021"]
[Site "Katowice"]
[Date "2021.12.17"]
[Round "11.22"]
[White "Povilaitis, Tomas"]
[Black "Kovalenko, Igor"]
[Result "0-1"]
[WhiteElo "2101"]
[BlackElo "2668"]
[Annotator "ChessBase"]
[PlyCount "76"]
[EventDate "2021.12.17"]
[EventType "swiss"]
[EventCountry "POL"]
[SourceTitle "playchess.com"]
[Source "ChessBase"]
[SourceQuality "1"]

1. e4 c5 2. Nc3 e6 3. Nf3 a6 4. d4 cxd4 5. Nxd4 b5 6. g3 Bb7 7. Bg2 b4 8. Nce2
Nf6 9. Qd3 e5 10. Nf5 d5 11. exd5 Bxd5 12. O-O Nc6 13. Bg5 Bxg2 14. Qxd8+ Nxd8
15. Kxg2 Ne4 16. Be3 g6 17. Nh4 Be7 18. Nf3 Nc6 19. Nd2 Nxd2 20. Bxd2 O-O-O 21.
Rad1 Rd5 22. Be3 Rhd8 23. Rxd5 Rxd5 24. c4 Ra5 25. Nc1 Kd7 26. Rd1+ Ke6 27. Bb6
Ra4 28. f3 b3 29. axb3 Ra1 30. Re1 Nb4 31. Kf1 Nc2 32. Rd1 Bg5 33. f4 exf4 34.
h4 Bh6 35. g4 f3 36. g5 Bg7 37. Kf2 Bxb2 38. Rd2 Rxc1 0-1

[Event "European Blitz Championship 2021"]
[Site "Katowice"]
[Date "2021.12.17"]
[Round "11.23"]
[White "Sumets, Andrey"]
[Black "Baum, Jonasz"]
[Result "1/2-1/2"]
[WhiteElo "2527"]
[BlackElo "2157"]
[Annotator "ChessBase"]
[PlyCount "130"]
[EventDate "2021.12.17"]
[EventType "swiss"]
[EventCountry "POL"]
[SourceTitle "playchess.com"]
[Source "ChessBase"]
[SourceQuality "1"]

1. d4 Nf6 2. c4 e6 3. Nf3 d5 4. g3 dxc4 5. Bg2 a6 6. O-O Nc6 7. Bg5 Be7 8. e3
O-O 9. Qe2 e5 10. dxe5 Ng4 11. Bxe7 Qxe7 12. Nbd2 Ngxe5 13. Nxc4 Bg4 14. Ncd2
Rad8 15. Qe1 Nxf3+ 16. Nxf3 Qf6 17. Nh4 Qxb2 18. Rb1 Qa3 19. Rxb7 Rd1 20. Qxd1
Bxd1 21. Rxd1 Ne5 22. Rxc7 Qxa2 23. Nf5 Qe2 24. Rdc1 Nd3 25. Rf1 a5 26. Nd4 Qb2
27. Bd5 g6 28. Ra7 Qd2 29. Nb3 Qb4 30. Nxa5 Qc5 31. Nc6 Kg7 32. Bg2 Ne5 33. Ra6
Nxc6 34. Rxc6 Qf5 35. Rfc1 Rd8 36. R6c2 h5 37. h3 h4 38. g4 Qa5 39. Rb2 Rd2 40.
Rxd2 Qxd2 41. Rb1 Qc2 42. Rf1 Qe2 43. Bd5 f5 44. gxf5 gxf5 45. Kg2 f4 46. exf4
Qd2 47. Bf3 Qxf4 48. Re1 Qg5+ 49. Kf1 Qb5+ 50. Kg2 Qg5+ 51. Bg4 Qd5+ 52. Kg1
Qd2 53. Re3 Qc1+ 54. Kg2 Qc6+ 55. Bf3 Qg6+ 56. Kf1 Qb1+ 57. Re1 Qf5 58. Bg4 Qd5
59. Kg1 Qd2 60. Re3 Qc1+ 61. Kg2 Qc6+ 62. Rf3 Qd5 63. Bf5 Kh6 64. Bg4 Qc6 65.
Kg1 Qc1+ 1/2-1/2

[Event "European Blitz Championship 2021"]
[Site "Katowice"]
[Date "2021.12.17"]
[Round "11.23"]
[White "Poplawski, Maciej"]
[Black "Zylka, Stanislaw"]
[Result "0-1"]
[WhiteElo "1949"]
[BlackElo "2143"]
[Annotator "NA"]
[PlyCount "116"]
[EventDate "2021.12.17"]
[EventType "swiss"]
[EventCountry "POL"]
[SourceTitle "playchess.com"]
[Source "ChessBase"]
[SourceQuality "1"]

1. d4 Nf6 2. Nc3 d5 3. Bg5 Nbd7 4. Qd3 e6 5. e4 dxe4 6. Nxe4 Be7 7. Nxf6+ Bxf6
8. Bxf6 Qxf6 9. Nf3 O-O 10. Qe4 Qg6 11. Qxg6 hxg6 12. O-O-O b6 13. Bb5 Nf6 14.
Bc6 Rb8 15. Ne5 b5 16. Rd3 Rb6 17. Rhd1 Rd8 18. Rb3 a6 19. Rc3 b4 20. Rc4 a5
21. Rc5 Ra6 22. Bb5 Rb6 23. Nc6 Rf8 24. Nxa5 Ne4 25. Re5 Nxf2 26. Rf1 Ng4 27.
Rg5 Ne3 28. Re1 Nf5 29. Bd3 Nxd4 30. Nc4 Rb8 31. Rg4 Nf5 32. Ne5 Ra8 33. Kb1
Bb7 34. Rxb4 Bd5 35. Bxf5 gxf5 36. a3 Bxg2 37. Rg1 Be4 38. Rb3 Rfd8 39. h4 Rd2
40. Rc3 Rad8 41. Rxc7 Rh2 42. Rxf7 Bg2 43. Re7 Rd2 44. Nc4 Re2 45. a4 g5 46.
Rd7 Bd5 47. Nd6 g4 48. Rc1 g3 49. a5 g2 50. Nxf5 exf5 51. Rxd5 Rh1 52. Rdd1
Rxd1 53. Rxd1 Rf2 54. Rd8+ Kf7 55. a6 g1=Q+ 56. Ka2 Rxc2 57. Rd7+ Ke6 58. a7
Rc8 0-1

[Event "European Blitz Championship 2021"]
[Site "Katowice"]
[Date "2021.12.17"]
[Round "11.24"]
[White "Spalir, Jernej"]
[Black "Pacuszka, Tomasz"]
[Result "1/2-1/2"]
[WhiteElo "2368"]
[BlackElo "2145"]
[Annotator "NA"]
[PlyCount "111"]
[EventDate "2021.12.17"]
[EventType "swiss"]
[EventCountry "POL"]
[SourceTitle "playchess.com"]
[Source "ChessBase"]
[SourceQuality "1"]

1. d4 d5 2. Nf3 c6 3. c4 e6 4. Qc2 f5 5. g3 Nf6 6. Bg2 Bd6 7. O-O O-O 8. Nc3
Ne4 9. Bf4 Bxf4 10. gxf4 Nd7 11. e3 h6 12. Kh1 g5 13. fxg5 hxg5 14. Rg1 g4 15.
Nxe4 dxe4 16. Nd2 Nf6 17. c5 Rf7 18. Bf1 Rh7 19. Rg2 Bd7 20. Bc4 Kf8 21. Qb3
Ke7 22. Qxb7 Rb8 23. Qxa7 g3 24. fxg3 Rxb2 25. Rb1 Rxb1+ 26. Nxb1 Ng4 27. Qa3
f4 28. exf4 e3 29. Kg1 e5 30. d5 Bf5 31. d6+ Kf8 32. Nc3 Qb8 33. Qb3 Qa7 34.
Be2 Qxc5 35. Qb8+ Kg7 36. Qb3 Qxd6 37. Bxg4 Bxg4 38. Ne4 Qd1+ 39. Qxd1 Bxd1 40.
fxe5 Rh5 41. Nc3 e2 42. Nxe2 Rxe5 43. Nf4 Ra5 44. Rd2 Bf3 45. Kf2 Be4 46. Ne6+
Kf6 47. Nd4 Bd5 48. Nb3 Ra3 49. Nc1 Ke6 50. Rb2 c5 51. Rc2 c4 52. Ne2 Rd3 53.
Nf4+ Ke5 54. Nxd3+ cxd3 55. Rc8 Bxa2 56. Ke3 1/2-1/2

[Event "European Blitz Championship 2021"]
[Site "Katowice"]
[Date "2021.12.17"]
[Round "11.24"]
[White "Mirski, Michal"]
[Black "Swicarz, Maciej"]
[Result "1-0"]
[WhiteElo "2039"]
[BlackElo "2131"]
[Annotator "NA"]
[PlyCount "99"]
[EventDate "2021.12.17"]
[EventType "swiss"]
[EventCountry "POL"]
[SourceTitle "playchess.com"]
[Source "ChessBase"]
[SourceQuality "1"]

1. e4 d5 2. exd5 Qxd5 3. Nc3 Qd6 4. Nf3 Nf6 5. d4 c6 6. g3 Bg4 7. Bg2 e6 8. O-O
Be7 9. Bf4 Qb4 10. Qd2 Qb6 11. Ne5 Bf5 12. Na4 Qd8 13. Rad1 Nd5 14. c4 Nxf4 15.
Qxf4 O-O 16. Nc3 Nd7 17. Qe3 Qc7 18. Nxd7 Qxd7 19. Rd2 Bg4 20. h3 Bh5 21. d5
exd5 22. cxd5 Rfd8 23. g4 Bg6 24. Rfd1 c5 25. d6 Bxd6 26. Rxd6 Qxd6 27. Rxd6
Rxd6 28. Qxc5 Rb6 29. b4 h6 30. Nd5 Re6 31. f4 Bd3 32. Nc7 Rc8 33. Nxe6 Rxc5
34. Nxc5 Bc4 35. a4 b6 36. Nb7 Kf8 37. Nd6 Bb3 38. a5 bxa5 39. bxa5 Ke7 40.
Nc8+ Kd7 41. Nxa7 Bc4 42. Nc6 f6 43. Nd4 g6 44. Kf2 Kd6 45. Ke3 g5 46. f5 Ke5
47. Bc6 Ba6 48. Bb5 Bb7 49. a6 Ba8 50. Bc6 1-0

[Event "European Blitz Championship 2021"]
[Site "Katowice"]
[Date "2021.12.17"]
[Round "11.25"]
[White "Tymrakiewicz, Rafal"]
[Black "Jagodzinski, Piotr"]
[Result "0-1"]
[WhiteElo "2172"]
[BlackElo "2298"]
[Annotator "NA"]
[PlyCount "46"]
[EventDate "2021.12.17"]
[EventType "swiss"]
[EventCountry "POL"]
[SourceTitle "playchess.com"]
[Source "ChessBase"]
[SourceQuality "1"]

1. d4 d5 2. Bg5 c6 3. Nf3 Bf5 4. e3 Qb6 5. Qc1 Nd7 6. Be2 e6 7. O-O Ngf6 8. c4
Be7 9. Nc3 h6 10. Bf4 O-O 11. c5 Qd8 12. h3 Ne4 13. b4 a6 14. a4 Re8 15. b5 Qa5
16. Nxe4 Bxe4 17. Nd2 e5 18. Bg3 exd4 19. exd4 Bf6 20. Nb3 Qb4 21. Qb2 Nxc5 22.
Ra3 axb5 23. f3 Nxb3 0-1

[Event "European Blitz Championship 2021"]
[Site "Katowice"]
[Date "2021.12.17"]
[Round "11.26"]
[White "Grabarczyk, Miroslaw"]
[Black "Molenda, Marcin"]
[Result "0-1"]
[WhiteElo "2279"]
[BlackElo "2097"]
[Annotator "NA"]
[PlyCount "68"]
[EventDate "2021.12.17"]
[EventType "swiss"]
[EventCountry "POL"]
[SourceTitle "playchess.com"]
[Source "ChessBase"]
[SourceQuality "1"]

1. d4 Nf6 2. c4 g6 3. Nf3 Bg7 4. g3 O-O 5. Bg2 d6 6. Nc3 c6 7. O-O Qa5 8. e4 e5
9. d5 cxd5 10. cxd5 b5 11. Re1 b4 12. Qa4 Qxa4 13. Nxa4 Bd7 14. b3 Na6 15. Nb2
Nc5 16. Nd2 Rfc8 17. Ndc4 Ne8 18. Be3 f5 19. f3 Rab8 20. Rec1 Bb5 21. Nxd6 Nxd6
22. Rxc5 fxe4 23. fxe4 a5 24. Rac1 Rf8 25. Rc7 Be8 26. Bc5 Rf6 27. Ra7 Bh6 28.
Rf1 Rxf1+ 29. Kxf1 Nb5 30. Bh3 Nxa7 31. Bxa7 Bb5+ 32. Ke1 Rf8 33. Be6+ Kg7 34.
d6 Rf1# 0-1

[Event "European Blitz Championship 2021"]
[Site "Katowice"]
[Date "2021.12.17"]
[Round "11.26"]
[White "Kroliczek, Gabriela"]
[Black "Froewis, Annika"]
[Result "0-1"]
[WhiteElo "1726"]
[BlackElo "2100"]
[Annotator "NA"]
[PlyCount "86"]
[EventDate "2021.12.17"]
[EventType "swiss"]
[EventCountry "POL"]
[SourceTitle "playchess.com"]
[Source "ChessBase"]
[SourceQuality "1"]

1. e4 e5 2. Nf3 Nc6 3. Bc4 Bc5 4. O-O Nf6 5. d3 a6 6. a4 d6 7. c3 Ba7 8. Nbd2
Bg4 9. a5 O-O 10. h3 Be6 11. Re1 h6 12. Bb3 Ne7 13. Nf1 Ng6 14. Bc2 Re8 15. Ng3
d5 16. d4 exd4 17. Nxd4 dxe4 18. Nxe6 Qxd1 19. Bxd1 Rxe6 20. Bb3 Re7 21. Ra4
Rae8 22. Be3 Bxe3 23. Rxe3 Nf4 24. Rb4 c6 25. Bc2 N4d5 26. Nxe4 Nxe4 27. Rexe4
Nxb4 28. Rxb4 Re1+ 29. Kh2 R8e7 30. Bf5 R1e5 31. Bg4 Rxa5 32. Bc8 Rb5 33. Rd4
Rxb2 34. Bf5 g6 35. Bd3 Rxf2 36. Rd8+ Kg7 37. Bc4 b5 38. Bb3 a5 39. Rc8 Rf6 40.
g4 a4 41. Bd1 Rd6 42. Bf3 Re3 43. Kg2 Rxc3 0-1

[Event "European Blitz Championship 2021"]
[Site "Katowice"]
[Date "2021.12.17"]
[Round "11.27"]
[White "Starek, Stanislav"]
[Black "Wilk, Krzysztof"]
[Result "1-0"]
[WhiteElo "2159"]
[BlackElo "2206"]
[Annotator "NA"]
[PlyCount "101"]
[EventDate "2021.12.17"]
[EventType "swiss"]
[EventCountry "POL"]
[SourceTitle "playchess.com"]
[Source "ChessBase"]
[SourceQuality "1"]

1. d4 d6 2. Nf3 Nd7 3. Bf4 c6 4. e3 g6 5. Be2 Bg7 6. O-O e5 7. dxe5 Nxe5 8.
Nbd2 Ne7 9. Nxe5 dxe5 10. Bg5 Be6 11. Ne4 Qc7 12. Nd6+ Kf8 13. Ne4 Rd8 14. Qe1
h6 15. Bh4 b6 16. Qc3 g5 17. Bg3 f5 18. Nd2 f4 19. Ne4 Nd5 20. Qa3+ Qe7 21. Qa4
b5 22. Qa6 Qc7 23. Nc5 Bc8 24. Qa3 b4 25. Qb3 Bf6 26. Bc4 Kg7 27. e4 Nb6 28.
Be6 Qe7 29. Bxc8 Rxc8 30. Rad1 Qxc5 31. Qe6 Qe7 32. Qf5 Rcd8 33. Bxf4 exf4 34.
Rde1 Qe5 35. Qg4 h5 36. Qe2 Qxb2 37. Qa6 Rd7 38. e5 Bxe5 39. Re4 Rf8 40. Rfe1
Bf6 41. Qe2 Nd5 42. Qxh5 Re7 43. Rxe7+ Bxe7 44. h4 Qc3 45. Re6 Bf6 46. hxg5
Qa1+ 47. Kh2 Rh8 48. gxf6+ Nxf6 49. Re7+ Kf8 50. Rf7+ Kg8 51. Rf8+ 1-0

[Event "European Blitz Championship 2021"]
[Site "Katowice"]
[Date "2021.12.17"]
[Round "11.27"]
[White "Krzywda, Andrzej"]
[Black "Kozlowski, Marcin"]
[Result "1-0"]
[WhiteElo "2100"]
[BlackElo "1786"]
[Annotator "NA"]
[PlyCount "41"]
[EventDate "2021.12.17"]
[EventType "swiss"]
[EventCountry "POL"]
[SourceTitle "playchess.com"]
[Source "ChessBase"]
[SourceQuality "1"]

1. e4 c5 2. Nc3 Nc6 3. Bb5 Nd4 4. Nf3 Nxb5 5. Nxb5 a6 6. Nc3 e6 7. d4 cxd4 8.
Qxd4 Qc7 9. Bg5 f6 10. Bh4 Bc5 11. Qd3 Ne7 12. O-O-O O-O 13. Bg3 Qa5 14. Kb1 b5
15. Bd6 Bxd6 16. Qxd6 Nc6 17. h4 Qb6 18. Rd2 a5 19. h5 h6 20. Nh4 Ne5 21. Qxb6
1-0

[Event "European Blitz Championship 2021"]
[Site "Katowice"]
[Date "2021.12.17"]
[Round "11.28"]
[White "Luberanski, Jakub"]
[Black "Lewtak, Damian"]
[Result "1-0"]
[WhiteElo "2072"]
[BlackElo "2203"]
[Annotator "NA"]
[PlyCount "112"]
[EventDate "2021.12.17"]
[EventType "swiss"]
[EventCountry "POL"]
[SourceTitle "playchess.com"]
[Source "ChessBase"]
[SourceQuality "1"]

1. d4 d6 2. Nf3 g6 3. c4 Bg7 4. Nc3 e5 5. e4 exd4 6. Nxd4 Ne7 7. Be2 Nbc6 8.
Be3 O-O 9. O-O f5 10. exf5 Bxd4 11. Bxd4 Nxf5 12. Be3 Nxe3 13. fxe3 Ne5 14.
Qd5+ Kg7 15. c5 Nc6 16. Rxf8 Qxf8 17. Rf1 Qe7 18. cxd6 cxd6 19. Ne4 Be6 20.
Qxd6 Bxa2 21. Qxe7+ Nxe7 22. Rc1 Rc8 23. Rxc8 Nxc8 24. Nc3 Be6 25. Kf2 Nd6 26.
Bd3 Kf6 27. Nb5 Nxb5 28. Bxb5 Bd5 29. g3 Be4 30. Bc4 g5 31. h4 h6 32. Ke2 Kf5
33. Kf2 gxh4 34. gxh4 Kg4 35. Be6+ Kxh4 36. b4 b6 37. Bd7 Kg5 38. Kg3 h5 39. b5
h4+ 40. Kh2 Bf5 41. Bc6 Kf6 42. Kg2 Ke5 43. Kf3 Be6 44. Be8 Kd6 45. Kf4 Kc5 46.
Ke5 Bc4 47. Bd7 Bxb5 48. Bh3 a5 49. e4 a4 50. Kf4 Kd4 51. Be6 a3 52. Bd5 h3 53.
Kg3 Bd3 54. Kxh3 Bxe4 55. Ba2 Bd5 56. Bb1 a2 1-0